The Role and influence of religion in society

Bibliographic Details
Other Authors: Syed Omar Syed Agil
Format: Book
Published: Kuala Lumpur : IKIM , 1994
Subjects:

MARC

LEADER 00000cam a2200000 7i4500
001 0000003698
002 000003982
005 20000330.0
020 |a 9839099027 
090 0 0 |a 297.27   |b ROL 
245 0 4 |a The Role and influence of religion in society   |c edited by Syed Othman Alhabshi and Syed Omar Syed Agil 
260 |a Kuala Lumpur :   |b IKIM ,   |c 1994 
300 |a 249p. ;   |c 23cm. 
650 0 0 |a Islam   |x Social aspects 
700 0 |a Syed Omar Syed Agil 
999 |a 037149   |b BUKU   |c MALAYSIANA   |e PERPUSTAKAAN KOMUNITI PETALING JAYA 
999 |a 037150   |b BUKU   |c PINJAMAN   |e PERPUSTAKAAN KOMUNITI PETALING JAYA 
999 |a 044315   |b BUKU   |c PINJAMAN   |e PERPUSTAKAAN KOMUNITI PETALING JAYA